Boston Celtics 2023/2024 - Statistics

General Stats
  • This quiz has been taken 114 times
  • The average score is 11 of 17
Answer Stats
Hint Answer % Correct
Pf Jayson Tatum
98%
Sf Jaylen Brown
97%
C Kristaps Porzingis
95%
Sg Derrick White
94%
Pg Jrue Holiday
93%
C Al Horford
91%
Pg Payton Pritchard
87%
Sf Sam Hauser
75%
C Luke Kornet
73%
G Jordan Walsh
62%
C Neemias Queta
55%
Sf Oshae Brissett
43%
G Dalano Banton
34%
Sg JD Davison
31%
Pf Lamar Stevens
31%
Sg Svi Mykhailiuk
26%
F Nathan Knight
8%
No matching quizzes found
Score Distribution
Percent of People with Each Score
Percentile by Number Answered
Your Score History
You have not taken this quiz